Rock Songs #16 - Statistics

General Stats
  • This quiz has been taken 37 times
  • The average score is 5 of 20
Answer Stats
Song Name Number of Spotify Streams to nearest Million Artist % Correct
Africa 1700 TOTO
100%
All the Small Things 1065 Blink 182
71%
I Wanna be Sedated 230 Ramones
54%
Pinball Wizard 206 The Who
51%
Here I go Again 326 Whitesnake
51%
Maggie May 328 Rod Stewart
37%
I Belive in a Thing Called Love 244 The Darkness
23%
Aces High 112 Iron Maiden
20%
Too Young To Fall In Love 48 Motley Crue
17%
Time Bomb 104 Rancid
14%
Sunny Afternoon 164 The Kinks
14%
Madhouse 62 Anthrax
11%
Hangar 18 78 Megadeth
11%
Going To Brazil 5 Motorhead
11%
Smoko 30 The Chats
9%
Doctor Doctor 61 UFO
9%
Still Counting 330 Volbeat
9%
Butterflies & Hurricanes 48 Muse
3%
Firebirds 7 Clutch
0%
Unfuck the World 20 Prophets of Rage
0%
No matching quizzes found
Score Distribution
Percent of People with Each Score
Percentile by Number Answered
Your Score History
You have not taken this quiz